|
|
|
|
| LEADER |
00000nam a2200000 a 4500 |
| 001 |
vtls001355060 |
| 003 |
SK-MaSNL |
| 005 |
20260301114921.0 |
| 008 |
240313s1998 xo a r 0 cze |
| 015 |
|
|
|a SNBA1999/04-01519
|
| 020 |
|
|
|a 8088892201
|
| 035 |
|
|
|a SNK000308516
|
| 035 |
|
|
|a urn:nbn:sk:snk-amtg21
|
| 035 |
|
|
|a urn:nbn:sk:snk-am00cdp6
|
| 035 |
|
|
|a 7461DC30-9EDE-42B5-8F31-1C9456899A8F
|
| 040 |
|
|
|a SNK
|b slo
|c SNK
|e AACR2
|
| 041 |
0 |
|
|a cze
|
| 044 |
|
|
|a xo
|c SK
|
| 080 |
|
|
|a 641.5:639.2(082.12)=850
|2 1981
|
| 100 |
1 |
|
|a Horecká, Jana
|4 aut
|9 231506
|
| 245 |
1 |
|
|a Velká barevná obrazová kuchařka
|b ryby
|c [autorka textu:] Jana Horecká, [foto:] Vladimír Horecký ; [překlad ze slovenského originálu Ilona Pálušová]
|
| 260 |
|
|
|a Martin
|b Neografia
|c 1998
|
| 300 |
|
|
|a 95 s.
|b fareb. fotogr.
|c 30 cm
|
| 500 |
|
|
|a Rozlož. fareb. fotogr. na tit. strane
|
| 500 |
|
|
|a Údaj o prekl. prevzatý z tiráže
|
| 504 |
|
|
|a Reg.
|
| 650 |
0 |
7 |
|a ryby
|x jedlá
|x príprava
|x knihy kuchárske
|2 SNK
|9 386690
|
| 650 |
0 |
7 |
|a jedlá
|x príprava
|x ryby
|x knihy kuchárske
|2 SNK
|9 386691
|
| 650 |
0 |
7 |
|a knihy kuchárske
|2 SNK
|9 283472
|
| 655 |
|
7 |
|a príručky
|2 SNK
|9 74364
|
| 700 |
1 |
|
|a Horecký, Vladimír
|4 pht
|9 44316
|
| 700 |
1 |
|
|a Pálušová, Ilona
|4 trl
|9 46134
|
| 919 |
|
|
|a 80-88892-20-1
|
| 958 |
|
|
|a TL
|
| 958 |
|
|
|a OP
|
| 958 |
|
|
|a NS
|
| 958 |
|
|
|a CZ
|
| 968 |
|
|
|a Čes
|b SLO
|
| 999 |
|
|
|c 720243
|d 722173
|
| 952 |
|
|
|t P60, <03>, [BOOK], {603}
|a SNK
|b SNK
|y PREZ
|7 0
|p 17A0181732
|o snkSB 59830
|i snkKSP 1454/99
|0 0
|1 0
|4 0
|d 1999-02-15
|f 1
|l 0
|r 2025-04-09 00:00:00
|w 2026-02-23
|
| 952 |
|
|
|t P60, <04>, [BOOK], {604}
|a SNK
|b SNK
|y VYP
|7 0
|p 17A0181731
|o snkSB 59830 D1
|i snkKSP 1455/99
|0 0
|1 0
|4 0
|d 1999-02-15
|l 0
|r 2005-01-02 00:00:00
|w 2026-02-23
|